[Event "It"]
[Site "Vrnjacka Banja YUG"]
[Date "1991.??.??"]
[Round "14"]
[White "Topalov, Veselin"]
[Black "Davies, Nigel R"]
[Result "1-0"]
[WhiteElo "2455"]
[BlackElo "2500"]
[EventDate "1991.04.??"]

1.d4 Cf6 2.Cf3 c5 3.d5 g6 4.Cc3 Fg7 5.e4 O-O 6.Fe2 b5 7.e5 Cg4 8.Ff4 b4 9.
Ce4 d6 10.exd6 exd6 11.O-O Cf6 12.Cfd2 Cxd5 13.Fxd6 Te8 14.Cc4 Cb6 15.Cxc5
Cc6 16.Ff3 Cd4 17.Cxb6 axb6 18.Fxa8 bxc5 19.Fxc5 Ce2+ 20.Rh1 Da5 21.Fc6 
Te6 22.Fd5 Te8 23.Te1 Fa6 24.Fxf7+ Rxf7 25.Dd7+ 1-0

[Event "It"]
[Site "Vrnjacka Banja YUG"]
[Date "1991.??.??"]
[Round "15"]
[White "Maksimenko, Andrei"]
[Black "Topalov, Veselin"]
[Result "1/2-1/2"]
[WhiteElo "2370"]
[BlackElo "2455"]
[EventDate "1991.04.??"]

1.d4 Cf6 2.c4 d6 3.Cc3 e5 4.Cf3 Cbd7 5.e4 Fe7 6.Fe2 O-O 7.O-O c6 8.Fe3 a6 
9.d5 g6 10.Fh6 Te8 11.Cd2 cxd5 12.cxd5 1/2-1/2

[Event "?"]
[Site "Elgoibar ESP"]
[Date "1991.??.??"]
[Round "1"]
[White "Iruzubieta, Jesus Maria"]
[Black "Topalov, Veselin"]
[Result "0-1"]
[WhiteElo "2310"]
[BlackElo "2455"]
[EventDate "1991.12.??"]

1.e4 e6 2.d4 d5 3.Cc3 Fb4 4.e5 Dd7 5.Fd2 b6 6.Fb5 c6 7.Fa4 a5 8.a3 Ff8 9.
Cce2 Fa6 10.c3 Fb5 11.Fc2 a4 12.Cf3 c5 13.O-O Cc6 14.Te1 Ca5 15.Cf4 O-O-O 
16.Fe3 Cc4 17.Cd2 Cxe3 18.Txe3 g6 19.Df3 Rb8 20.Tee1 cxd4 21.cxd4 Ce7 22.
Cb1 Fc4 23.Cc3 b5 24.Dd1 Cc6 25.b3 axb3 26.Fxb3 Ca5 27.Fc2 Ra8 28.Cd3 Tc8 
29.Dd2 Dc7 30.Teb1 Fh6 31.Dxh6 Fxd3 32.Fxd3 Dxc3 33.Fxb5 Dxd4 34.Dg5 Tc2 
35.Tf1 Tb8 36.Tab1 Ra7 37.Df6 Tb7 38.a4 Dc5 39.Tbd1 Cb3 40.Df4 Tc7 41.g3 
Cc1 42.Td2 Txd2 43.Dxd2 Cb3 44.Df4 Dd4 45.Df6 Cd2 46.Td1 Dxe5 47.Dd8 Ce4 
0-1

[Event "?"]
[Site "Elgoibar ESP"]
[Date "1991.??.??"]
[Round "2"]
[White "Topalov, Veselin"]
[Black "Franco Ocampos, Zenon"]
[Result "1/2-1/2"]
[WhiteElo "2455"]
[BlackElo "2495"]
[EventDate "1991.12.??"]

1.d4 Cf6 2.c4 e6 3.Cf3 c5 4.d5 d6 5.Cc3 exd5 6.cxd5 g6 7.e4 a6 8.a4 Fg4 9.
h3 Fxf3 10.Dxf3 Cbd7 11.Fe2 Fg7 12.O-O O-O 13.Ff4 De7 14.Tfe1 Tae8 15.Ff1 
Ch5 1/2-1/2

[Event "?"]
[Site "Elgoibar ESP"]
[Date "1991.??.??"]
[Round "3"]
[White "Alvarez Ibarra, Rafael"]
[Black "Topalov, Veselin"]
[Result "0-1"]
[WhiteElo "2355"]
[BlackElo "2455"]
[EventDate "1991.12.??"]

1.d4 Cf6 2.Cf3 e6 3.g3 b5 4.Fg2 Fb7 5.O-O Fe7 6.Fg5 a6 7.Cbd2 O-O 8.c3 d6 
9.a4 Cbd7 10.e3 c5 11.Ce1 Db6 12.Fxb7 Dxb7 13.Fxf6 Cxf6 14.Cef3 d5 15.axb5
axb5 16.Dc2 c4 17.b3 Fd6 18.bxc4 bxc4 19.Tfb1 Dc6 20.Rg2 h6 21.Cg1 g6 22.
Ce2 e5 23.Txa8 Txa8 24.Tb2 e4 25.Ta2 Tb8 26.Tb2 Td8 27.Db1 h5 28.Tb7 Dc8 
29.Cg1 h4 30.Ch3 Ce8 31.Db5 hxg3 32.hxg3 Fxg3 33.fxg3 Cd6 34.Dxd5 Dxb7 35.
Dxb7 Cxb7 36.Cxe4 f5 37.Ceg5 Cd6 38.Cf4 Ta8 39.Rf3 Ta3 40.Cxg6 Txc3 41.Rf4
Tc1 42.e4 c3 0-1

[Event "?"]
[Site "Elgoibar ESP"]
[Date "1991.??.??"]
[Round "4"]
[White "Gomez Esteban, Juan Mario"]
[Black "Topalov, Veselin"]
[Result "1-0"]
[WhiteElo "2400"]
[BlackElo "2455"]
[EventDate "1991.12.??"]

1.d4 f5 2.g3 Cf6 3.Fg2 d6 4.Cf3 g6 5.O-O Fg7 6.c4 O-O 7.Cc3 De8 8.d5 Fd7 
9.Cg5 Ca6 10.e4 fxe4 11.Cgxe4 Cxe4 12.Cxe4 c5 13.Tb1 b5 14.b3 h6 15.Fb2 
Df7 16.Fxg7 Dxg7 17.Dd2 Tab8 18.a3 Cc7 19.Da5 Tfc8 20.h4 Ff5 21.b4 Dd4 22.
Tfd1 De5 23.f4 Dg7 24.bxc5 dxc5 25.cxb5 c4 26.a4 Ce8 27.Tbc1 Cd6 28.Cxd6 
exd6 29.Dc3 a6 30.bxa6 Da7+ 31.Rh2 Dxa6 32.Te1 Tb3 33.Df6 Tf8 34.Dd4 Td3 
35.Dxc4 Da7 36.Te2 Tf7 37.Te8+ Rh7 38.Tce1 Df2 39.T8e7 Rg8 40.Te8+ Rg7 41.
T8e3 Rh7 42.Txd3 Dxe1 43.Dc3 De8 44.Td4 Te7 45.Tc4 Fd7 46.Tc7 Fxa4 47.Tc8 
Te3 48.Dc4 1-0

[Event "?"]
[Site "Elgoibar ESP"]
[Date "1991.??.??"]
[Round "5"]
[White "Topalov, Veselin"]
[Black "Izeta Txabarri, Felix"]
[Result "1/2-1/2"]
[WhiteElo "2455"]
[BlackElo "2380"]
[EventDate "1991.12.??"]

1.c4 Cf6 2.Cf3 c5 3.g3 Cc6 4.Fg2 d5 5.O-O e5 6.Da4 Fd6 7.Cg5 Fe7 8.Cc3 d4 
9.Cd5 Fd7 10.Cxe7 Dxe7 11.d3 O-O 12.e3 a6 13.Dd1 Tad8 14.e4 h6 15.Cf3 Ce8 
16.Ch4 Cd6 17.Dh5 g5 18.Cf5 Cxf5 19.exf5 Fxf5 20.Dxh6 Td6 21.Dh5 Fxd3 22.
Fxg5 De6 23.Tfe1 Dg6 24.Dxg6+ Txg6 25.Fd2 Te8 26.Fd5 e4 27.Rg2 Rg7 28.Tad1
f5 29.f3 Fc2 30.Tc1 Fd3 31.Tcd1 Fc2 32.Tc1 Fd3 33.Tcd1 1/2-1/2

[Event "?"]
[Site "Elgoibar ESP"]
[Date "1991.??.??"]
[Round "6"]
[White "Hoffman, Alejandro"]
[Black "Topalov, Veselin"]
[Result "0-1"]
[WhiteElo "2415"]
[BlackElo "2455"]
[EventDate "1991.12.??"]

1.d4 Cf6 2.Cf3 e6 3.e3 b6 4.Fd3 c5 5.c4 cxd4 6.exd4 d6 7.O-O Fe7 8.Cc3 O-O
9.Cg5 Fb7 10.d5 e5 11.f4 Cbd7 12.fxe5 dxe5 13.Rh1 h6 14.Ch3 Cc5 15.Fc2 Fc8
16.b4 Ca6 17.a3 Cg4 18.Cb5 Fd6 19.Ff5 h5 20.Fxc8 Txc8 21.Dd3 Dd7 22.Cg5 f5
23.Fb2 e4 24.Dh3 g6 25.Cxd6 Dxd6 26.Ce6 Txc4 27.Cxf8 Rxf8 28.Tac1 b5 29.
Dh4 Cc7 30.g3 e3 31.Txc4 bxc4 32.h3 Dxd5+ 33.Rg1 e2 34.Te1 Dd2 35.Rg2 Dxe1
36.Dd8+ Ce8 37.Fg7+ Rxg7 38.De7+ Rh6 39.Df8+ 0-1

[Event "?"]
[Site "Elgoibar ESP"]
[Date "1991.??.??"]
[Round "7"]
[White "Topalov, Veselin"]
[Black "Cruz-Lopez Claret, Carlos"]
[Result "1-0"]
[WhiteElo "2455"]
[BlackElo "2275"]
[EventDate "1991.12.??"]

1.d4 d5 2.c4 c6 3.Cc3 e5 4.e3 e4 5.Db3 Cf6 6.Fd2 Db6 7.cxd5 Dxb3 8.axb3 
cxd5 9.Cb5 Ca6 10.f3 Fe7 11.Ce2 O-O 12.Cec3 exf3 13.gxf3 Ff5 14.Ca2 Ch5 
15.Tc1 Tfc8 16.Tc3 Fc2 17.Cc1 Fh4+ 18.Re2 Tc6 19.Ca3 Fg6 20.Txc6 bxc6 21.
Rd1 Cc7 22.Cc2 Ce6 23.b4 Cf6 24.Cd3 Cd7 25.Fe2 Fd8 26.Cc5 Cf6 27.Cb7 Fc7 
28.Fc3 Te8 29.Ca5 Cf4 30.exf4 Fxa5 31.bxa5 Fxc2+ 32.Rd2 Ff5 33.Fa6 Ch5 34.
Fb7 Fd7 35.f5 Cf4 36.Te1 Txe1 37.Rxe1 Fxf5 38.Fxc6 Fd3 39.Fd2 Ce6 40.Fxd5 
Cxd4 41.Fe3 Cc2+ 42.Rd2 Cxe3 43.Rxe3 Ff1 44.Rd4 Rf8 45.Rc5 Re7 46.Rc6 f5 
47.b4 g5 48.b5 Rf6 49.a6 1-0

[Event "?"]
[Site "Elgoibar ESP"]
[Date "1991.??.??"]
[Round "8"]
[White "Garcia Palermo, Carlos"]
[Black "Topalov, Veselin"]
[Result "1/2-1/2"]
[WhiteElo "2455"]
[BlackElo "2455"]
[EventDate "1991.12.??"]

1.d4 Cf6 2.c4 g6 3.Cc3 Fg7 4.e4 d6 5.Cf3 O-O 6.Fe2 e5 7.O-O Cc6 8.d5 Ce7 
9.b4 Ch5 10.g3 h6 11.Ch4 Cf6 12.Fe3 Ch7 13.Dd2 g5 14.Cg2 f5 15.f4 exf4 16.
gxf4 Cg6 17.exf5 Fxf5 18.fxg5 Cxg5 19.Tac1 Ce5 20.Rh1 De7 21.c5 Fh3 22.
Fxg5 hxg5 23.De3 Ff5 24.Cb5 a6 25.cxd6 cxd6 26.Cd4 Fd7 27.Txf8+ Txf8 28.
Tc7 Cg4 1/2-1/2

[Event "?"]
[Site "Elgoibar ESP"]
[Date "1991.??.??"]
[Round "9"]
[White "Topalov, Veselin"]
[Black "Ubilava, Elizbar"]
[Result "1/2-1/2"]
[WhiteElo "2455"]
[BlackElo "2535"]
[EventDate "1991.12.??"]

1.d4 Cf6 2.c4 g6 3.Cc3 Fg7 4.e4 d6 5.Cf3 O-O 6.Fe2 e5 7.dxe5 dxe5 8.Dxd8 
Txd8 9.Fg5 Te8 10.Cd5 Cxd5 11.cxd5 1/2-1/2

[Event "?"]
[Site "Las Palmas ESP"]
[Date "1991.??.??"]
[Round "1"]
[White "Granda Zuniga, Julio E"]
[Black "Topalov, Veselin"]
[Result "1/2-1/2"]
[WhiteElo "2550"]
[BlackElo "2455"]
[EventDate "1991.12.??"]

1.Cf3 Cf6 2.g3 g6 3.Fg2 Fg7 4.O-O O-O 5.d4 d6 6.c4 Cfd7 7.Cc3 e5 8.e4 exd4
9.Cxd4 Cc5 10.Te1 Te8 1/2-1/2

[Event "?"]
[Site "Las Palmas ESP"]
[Date "1991.??.??"]
[Round "2"]
[White "Topalov, Veselin"]
[Black "Gomez Esteban, Juan Mario"]
[Result "1-0"]
[WhiteElo "2455"]
[BlackElo "2400"]
[EventDate "1991.12.??"]

1.d4 Cf6 2.c4 e6 3.Cf3 d5 4.Cc3 Fe7 5.Fg5 h6 6.Fh4 O-O 7.e3 b6 8.Tc1 Fb7 
9.Fxf6 Fxf6 10.cxd5 exd5 11.Fd3 c5 12.O-O Te8 13.Fb5 Te7 14.dxc5 bxc5 15.
Ca4 Ca6 16.Cxc5 Cxc5 17.Txc5 Fxb2 18.Dc2 Ff6 19.Cd4 Db6 20.Cf5 Te4 21.Tb1 
a6 22.Cg3 Tc4 23.Txc4 dxc4 24.Fxc4 Dc6 25.Fxf7+ Rf8 26.Dxc6 Fxc6 27.Fc4 a5
28.f3 Tc8 29.Fa6 Td8 30.Cf1 Fd5 31.a4 Fc6 32.Fb5 Tb8 33.Cd2 Fxb5 34.axb5 
a4 35.Cc4 Re7 36.Tb4 Re6 37.b6 Rd5 38.Txa4 Rc5 39.Cd2 Txb6 40.Ce4+ Rb5 41.
Ta2 Fe7 42.Tc2 g6 43.Rf2 Ta6 44.f4 h5 45.Tc7 Fd8 46.Cc3+ Ra5 47.Td7 Fb6 
48.Rf3 Fc5 49.Tb7 Tc6 50.Ce4 1-0

[Event "?"]
[Site "Las Palmas ESP"]
[Date "1991.??.??"]
[Round "4"]
[White "Topalov, Veselin"]
[Black "Santo-Roman, Marc"]
[Result "1-0"]
[WhiteElo "2455"]
[BlackElo "2500"]
[EventDate "1991.12.??"]

1.d4 d5 2.c4 dxc4 3.e3 Cf6 4.Fxc4 e6 5.Cf3 a6 6.De2 c5 7.dxc5 Fxc5 8.O-O 
Cc6 9.e4 Dc7 10.e5 Cd7 11.Ff4 Cd4 12.Cxd4 Fxd4 13.Tc1 O-O 14.Fd3 Db6 15.
Cd2 Cc5 16.Cc4 Da7 17.Fc2 f6 18.exf6 Txf6 19.Fe3 Fxe3 20.Dxe3 b6 21.b4 Cd7
22.Cd6 Fb7 23.Cxb7 Dxb7 1-0

[Event "?"]
[Site "Las Palmas ESP"]
[Date "1991.??.??"]
[Round "5"]
[White "Morovic Fernandez, Ivan"]
[Black "Topalov, Veselin"]
[Result "1/2-1/2"]
[WhiteElo "2535"]
[BlackElo "2455"]
[EventDate "1991.12.??"]

1.e4 c5 2.g3 g6 3.Fg2 Fg7 4.d3 Cc6 5.f4 e6 6.Cc3 d6 7.Cf3 Cge7 8.O-O O-O 
9.Fe3 b6 10.d4 Fa6 11.Tf2 Ca5 12.Ff1 Fxf1 13.Dxf1 Dc7 14.Td1 a6 15.g4 cxd4
16.Cxd4 Cc4 17.Fc1 e5 18.Cde2 exf4 19.Cxf4 Fxc3 20.bxc3 Ce5 21.Dh3 Tac8 
22.Dh4 Dd7 23.h3 f6 24.Dg3 Tc4 25.Cd3 Txe4 26.Cxe5 Txe5 27.Fh6 Tf7 28.Df3 
Cc6 29.Dd3 d5 30.c4 Te8 31.cxd5 Ce5 32.Dd4 Tc8 33.d6 Tc4 34.Dd5 Tc5 35.
Da8+ Tc8 36.Dd5 Tc5 37.Da8+ Tc8 38.De4 Te8 39.Dd5 De6 40.Dxe6 Txe6 41.Fe3 
Tb7 42.Td5 Cd7 43.Tf3 Tb8 44.Ff2 Tc8 45.Td2 Tc6 46.Fg3 Rf7 47.g5 f5 48.Tf4
Tc3 49.Th4 Rg8 50.Rg2 Te8 51.Tf4 Tec8 52.Tff2 Te3 53.Tfe2 Tce8 54.Txe3 
Txe3 55.Ff2 Te4 56.Fxb6 Cxb6 57.d7 Cxd7 58.Txd7 Te2+ 59.Rf3 Txc2 60.Td8+ 
Rf7 61.Td7+ Re6 1/2-1/2

[Event "?"]
[Site "Las Palmas ESP"]
[Date "1991.??.??"]
[Round "6"]
[White "Topalov, Veselin"]
[Black "Romero Holmes, Alfonso"]
[Result "1-0"]
[WhiteElo "2455"]
[BlackElo "2460"]
[EventDate "1991.12.??"]

1.d4 d6 2.e4 Cf6 3.Cc3 c6 4.f4 Da5 5.Fd2 e5 6.dxe5 dxe5 7.f5 Dc7 8.Df3 b5 
9.g4 Cfd7 10.a4 b4 11.Cd1 Fa6 12.Ce2 Cc5 13.b3 Cbd7 14.Cg3 Fxf1 15.Rxf1 
Cb7 16.Rg2 Fc5 17.Tc1 Dd6 18.De2 Fd4 19.Ce3 a5 20.g5 h6 21.Cc4 Df8 22.g6 
De7 23.Thf1 f6 24.Ch5 Cdc5 25.Tf3 Dc7 26.De1 O-O-O 27.Cxa5 Cxa5 28.Fxb4 
Cab7 29.c3 Cxb3 30.Tb1 C3c5 31.cxd4 Txd4 32.Fxc5 Cxc5 33.Cxg7 Txe4 34.Dc1 
Dd6 35.Tb2 Dd5 36.Ch5 Cd3 37.Df1 Txa4 38.Dxd3 1-0

[Event "?"]
[Site "Las Palmas ESP"]
[Date "1991.??.??"]
[Round "7"]
[White "Garcia Padron, Jose"]
[Black "Topalov, Veselin"]
[Result "1/2-1/2"]
[WhiteElo "2445"]
[BlackElo "2455"]
[EventDate "1991.12.??"]

1.d4 Cf6 2.c4 g6 3.Cc3 Fg7 4.e4 d6 5.Cf3 O-O 6.Fe2 e5 7.dxe5 dxe5 8.Dxd8 
Txd8 9.Fg5 c6 10.Cxe5 Te8 11.O-O-O Ca6 12.Cf3 h6 13.Ff4 Cxe4 14.Cxe4 Txe4 
15.Td8+ Rh7 16.Fe3 Ff6 17.Td2 Fg4 18.b3 Fc3 19.Td3 Fb4 20.h3 Fa3+ 21.Rd1 
Fxf3 22.Fxf3 Te7 23.Te1 Tae8 24.Te2 Cc5 25.Td4 Ce6 26.Td3 Fc5 27.Fxc5 Cxc5
28.Txe7 Txe7 29.Td4 Ce6 30.Td3 a5 31.h4 Rg7 32.Rd2 h5 33.g3 c5 34.Td5 Cd4 
35.Fd1 b6 36.a3 Cc6 37.Td6 Te6 38.Txe6 fxe6 39.Re3 Rf6 40.Re4 Ce7 41.Rf4 
Cf5 1/2-1/2

[Event "?"]
[Site "Las Palmas ESP"]
[Date "1991.??.??"]
[Round "9"]
[White "Franco Ocampos, Zenon"]
[Black "Topalov, Veselin"]
[Result "1/2-1/2"]
[WhiteElo "2495"]
[BlackElo "2455"]
[EventDate "1991.12.??"]

1.d4 d5 2.c4 c6 3.cxd5 cxd5 4.Cc3 Cc6 5.Cf3 Cf6 6.Ff4 Ff5 7.e3 e6 8.Fd3 
Fxd3 9.Dxd3 Fd6 10.Fxd6 Dxd6 11.O-O O-O 12.Tac1 1/2-1/2

[Event "Open"]
[Site "Alicante ESP"]
[Date "1992.??.??"]
[Round "3"]
[White "Topalov, Veselin"]
[Black "Leskovar, Mario"]
[Result "1-0"]
[WhiteElo "2460"]
[BlackElo "2365"]
[EventDate "1992.??.??"]

1.d4 d6 2.e4 Cf6 3.Cc3 e5 4.Cge2 c6 5.f3 Cbd7 6.g4 d5 7.g5 Ch5 8.exd5 Fe7 
9.dxc6 bxc6 10.Ce4 f5 11.gxf6 Cdxf6 12.C4g3 O-O 13.dxe5 Db6 14.exf6 Fc5 
15.Ce4 Td8 16.Fd2 Fe3 17.Fxe3 Txd1+ 18.Txd1 Dxe3 19.Td8+ Rf7 20.Cd6+ Rxf6 
21.Tf8+ Rg5 22.Tg1+ Rh4 23.Txc8 1-0

[Event "Open"]
[Site "Alicante ESP"]
[Date "1992.??.??"]
[Round "4"]
[White "Kleinplatz, Sam"]
[Black "Topalov, Veselin"]
[Result "1/2-1/2"]
[WhiteElo "2315"]
[BlackElo "2460"]
[EventDate "1992.??.??"]

1.e4 e6 2.d4 d5 3.exd5 exd5 4.Cf3 Cf6 5.Fd3 Fe7 6.O-O O-O 7.Fg5 Fe6 8.Cbd2
Cbd7 9.c3 c5 10.Dc2 g6 11.dxc5 Cxc5 12.Cd4 Dc7 13.Fh4 Cxd3 14.Dxd3 Cg4 15.
Fg3 Db6 16.Tfe1 Tae8 17.Db5 Fc5 18.C2b3 Dxb5 19.Cxb5 Fb6 20.C5d4 Fd7 21.
Fd6 Txe1+ 22.Txe1 Tc8 23.f3 Cf6 24.Fe5 Ce8 25.Ff4 Fd8 26.Te5 Cf6 27.Fg5 
Fc6 28.h4 Rg7 29.Te2 Fa4 30.Td2 a5 31.Cc1 h6 32.Fxf6+ Fxf6 33.g3 Fd7 34.
Cce2 g5 35.h5 g4 36.f4 Fd8 37.Cc2 Fb6+ 38.Ced4 Te8 39.Rf2 Te4 40.Ce3 Fc5 
41.a3 Fe6 42.Re2 a4 1/2-1/2

[Event "Open"]
[Site "Alicante ESP"]
[Date "1992.??.??"]
[Round "5"]
[White "Komljenovic, Davorin"]
[Black "Topalov, Veselin"]
[Result "1/2-1/2"]
[WhiteElo "2495"]
[BlackElo "2460"]
[EventDate "1992.??.??"]

1.d4 Cf6 2.c4 e6 3.Cf3 Fb4+ 4.Fd2 a5 5.g3 O-O 6.Fg2 d5 7.Dc2 Cc6 8.O-O Fe7
9.Td1 Ta6 10.a3 Fd7 11.cxd5 exd5 12.Cc3 g6 13.Fg5 Ff5 14.Da4 Cd7 15.Fxe7 
Cxe7 16.Ce5 c6 17.Cxd7 Dxd7 18.Db3 Cc8 19.Ca4 De7 20.e3 Cd6 21.Cc5 1/2-1/2

[Event "Open"]
[Site "Alicante ESP"]
[Date "1992.??.??"]
[Round "6"]
[White "Topalov, Veselin"]
[Black "Boyd, Stephen"]
[Result "1-0"]
[WhiteElo "2460"]
[BlackElo "2265"]
[EventDate "1992.??.??"]

1.d4 g6 2.e4 Fg7 3.c4 d6 4.Cc3 Cf6 5.f3 O-O 6.Fe3 e5 7.Cge2 c6 8.Dd2 exd4 
9.Cxd4 d5 10.cxd5 cxd5 11.e5 Cfd7 12.f4 Cc6 13.Fb5 Cxd4 14.Fxd4 a6 15.Fe2 
Cb6 16.b3 Fe6 17.O-O Tc8 18.Ff3 Tc6 19.Rh1 Cc8 20.Tad1 Ce7 21.b4 Tc4 22.
Fc5 d4 23.Ce4 b6 24.Fxe7 Dxe7 25.Cd6 Tc7 26.Dxd4 f6 27.exf6 Dxf6 28.Dxb6 
Tc2 29.Ce4 De7 30.Tfe1 Fxa2 31.Cc3 Dxe1+ 32.Txe1 Fxc3 33.Tf1 Fc4 34.Fe4 
Te2 35.Fb7 Tb2 36.Dc5 Txb4 37.Td1 Txf4 38.g3 Tf7 39.Fxa6 Fxa6 40.Td8+ 1-0

[Event "Open"]
[Site "Alicante ESP"]
[Date "1992.??.??"]
[Round "7"]
[White "Eingorn, Vereslav S"]
[Black "Topalov, Veselin"]
[Result "0-1"]
[WhiteElo "2575"]
[BlackElo "2460"]
[EventDate "1992.??.??"]

1.d4 Cf6 2.Cf3 e6 3.c4 d5 4.Cc3 c6 5.e3 Cbd7 6.Dc2 Fd6 7.Fe2 O-O 8.O-O De7
9.c5 Fc7 10.e4 dxe4 11.Cxe4 Cxe4 12.Dxe4 e5 13.Fg5 De6 14.Fd3 Dg6 15.De3 
exd4 16.Dxd4 Dh5 17.Tfe1 Fxh2+ 18.Rf1 f6 19.Fh4 Fe5 20.Dc4+ Rh8 21.g4 Dh6 
22.Rg2 Fxb2 23.Th1 b5 24.cxb6 Fxa1 25.Fg3 Cxb6 26.Db4 Dxh1+ 27.Rxh1 c5 28.
De4 f5 29.De7 Fd7 30.gxf5 Fc6 31.Rg2 Tac8 32.Fe5 Fxe5 33.Dxe5 c4 34.Fc2 
Tfe8 35.Dd6 Ted8 36.De5 Cd7 37.Da5 Cf6 38.Rg3 Fxf3 39.Rxf3 Td7 40.Da6 Tcc7
41.Db5 h6 42.a4 c3 43.a5 Rh7 44.a6 Td2 45.Da5 Tc8 46.Da4 Te8 47.Db3 Tee2 
0-1

[Event "Open"]
[Site "Alicante ESP"]
[Date "1992.??.??"]
[Round "8"]
[White "Topalov, Veselin"]
[Black "Pigusov, Evgeny"]
[Result "1/2-1/2"]
[WhiteElo "2460"]
[BlackElo "2550"]
[EventDate "1992.??.??"]

1.d4 Cf6 2.c4 e6 3.Cf3 d5 4.Cc3 Fe7 5.Fg5 h6 6.Fh4 O-O 7.e3 b6 8.Tc1 Fb7 
9.Fxf6 Fxf6 10.cxd5 exd5 11.Fd3 c5 12.O-O Te8 13.Fb5 Tf8 14.dxc5 bxc5 15.
Db3 d4 16.Fe2 Fxf3 17.Fxf3 dxc3 18.Fxa8 cxb2 19.Tc2 1/2-1/2

[Event "?"]
[Site "Aviles ESP"]
[Date "1992.??.??"]
[Round "?"]
[White "Campos Moreno, Javier B"]
[Black "Topalov, Veselin"]
[Result "0-1"]
[WhiteElo "2505"]
[BlackElo "2460"]
[EventDate "1992.??.??"]

1.d4 Cf6 2.c4 c5 3.d5 b5 4.cxb5 a6 5.b6 Dxb6 6.Cc3 g6 7.e4 d6 8.a4 Fg7 9.
a5 Db4 10.Ta4 Db7 11.Cf3 O-O 12.Fe2 Fd7 13.Ta3 Fb5 14.O-O Cbd7 15.Te1 Ce8 
16.Fg5 Cdf6 17.Tb3 Cc7 18.Cd2 Tad8 19.Cc4 e6 20.Ca3 exd5 21.exd5 Tde8 22.
Caxb5 axb5 23.Fxb5 Txe1+ 24.Dxe1 Cfxd5 25.Fa4 Da8 26.Cxd5 Cxd5 27.Fb5 Cb4 
28.Fd2 Cc2 29.Df1 Cd4 30.Tg3 Cxb5 31.Dxb5 Tb8 32.Dd3 Txb2 33.h4 d5 34.Fc3 
c4 35.Dd1 Fxc3 36.Txc3 Dxa5 37.Te3 Dd2 38.Df3 Dd4 39.g3 Tb1+ 40.Rh2 Dd1 
0-1

[Event "?"]
[Site "Aviles ESP"]
[Date "1992.??.??"]
[Round "?"]
[White "Damljanovic, Branko"]
[Black "Topalov, Veselin"]
[Result "1/2-1/2"]
[WhiteElo "2585"]
[BlackElo "2460"]
[EventDate "1992.??.??"]

1.Cf3 g6 2.e4 c5 3.d4 Fg7 4.c3 cxd4 5.cxd4 d6 6.h3 Cf6 7.Cc3 O-O 8.Fe2 a6 
9.O-O b5 10.e5 dxe5 11.dxe5 Dxd1 12.Txd1 Cfd7 13.Cd5 Cc6 14.e6 Cde5 15.
exf7+ Cxf7 16.a4 bxa4 17.Cb6 Tb8 18.Cxc8 Tfxc8 19.Txa4 Fxb2 20.Fxa6 Td8 
21.Txd8+ Ccxd8 22.Fe3 Cd6 23.Fe2 Ff6 24.g4 Cc6 25.Rg2 Ce5 26.Cd4 Tb2 27.
Ff1 Rf7 28.Cf3 Cxf3 29.Rxf3 Tb3 30.Rg2 Tb2 31.Fd3 Rg7 32.g5 Fe5 33.Ta5 Tb3
34.Fc2 Tb5 35.Txb5 Cxb5 36.f4 Fd4 37.Fd2 Cd6 38.Rf3 e5 39.Fb4 Cf7 40.fxe5 
Fxe5 41.Re4 Fb2 42.h4 h6 1/2-1/2

[Event "?"]
[Site "Burgas BUL"]
[Date "1992.??.??"]
[Round "6"]
[White "Stohl, Igor"]
[Black "Topalov, Veselin"]
[Result "0-1"]
[WhiteElo "2555"]
[BlackElo "2460"]
[EventDate "1992.??.??"]

1.Cf3 f5 2.g3 Cf6 3.Fg2 g6 4.O-O Fg7 5.d4 O-O 6.c4 d6 7.Cc3 De8 8.Cd5 Cxd5
9.cxd5 Db5 10.Cg5 h6 11.a4 Dc4 12.Ce6 Fxe6 13.dxe6 d5 14.Fe3 c6 15.Dd2 Ca6
16.Fxh6 Db4 17.Df4 Fxh6 18.Dxh6 Tf6 19.Df4 Tc8 20.Tfc1 Cc7 21.Tc2 Rg7 22.
e3 Cxe6 23.Df3 Th8 24.h4 g5 25.hxg5 Cxg5 26.Df4 Th5 27.Rf1 Db3 28.Te2 Dd3 
29.Te1 Tfh6 30.g4 fxg4 31.Dxg4 Rf7 32.f3 Ch7 33.Df4+ Cf6 34.Rg1 Tg6 35.Tf2
Tg7 36.b4 Dh7 37.Rf1 Th2 0-1

[Event "Memorial Angel Rodrigues Open"]
[Site "Candas ESP"]
[Date "1992.??.??"]
[Round "6"]
[White "Barlov, Dragan"]
[Black "Topalov, Veselin"]
[Result "1-0"]
[WhiteElo "2460"]
[BlackElo "2460"]
[EventDate "1992.??.??"]

1.e4 e5 2.Cf3 Cc6 3.Fb5 Fc5 4.O-O Cd4 5.Cxd4 exd4 6.d3 Ce7 7.Dh5 Fb6 8.Fc4
O-O 9.Cd2 c6 10.Cf3 d5 11.exd5 cxd5 12.Fb3 h6 13.Ce5 Fe6 14.Fd2 Cf5 15.
Tae1 Dh4 16.Dxh4 Cxh4 17.Fb4 Tfc8 18.g3 a5 19.gxh4 axb4 20.Cg6 Fh3 21.Ce7+
Rf8 22.Cxc8 Txc8 23.Te5 Tc6 24.h5 Fxf1 25.Rxf1 Tc5 26.Txd5 Txd5 27.Fxd5 
Fc7 28.Fxb7 Fxh2 29.Rg2 Ff4 30.a4 bxa3 31.bxa3 g6 32.Rf3 Fd6 33.a4 f5 34.
hxg6 Rg7 35.a5 Rxg6 36.a6 Fb8 37.Rg2 Rg5 38.Rh3 h5 39.Ff3 h4 40.Fc6 Fa7 
41.Ff3 Fc5 42.Fd1 Fa7 43.Ff3 Fb6 1-0

[Event "It"]
[Site "Elenite"]
[Date "1992.??.??"]
[Round "1"]
[White "Razuvaev, Yuri S"]
[Black "Topalov, Veselin"]
[Result "0-1"]
[WhiteElo "2565"]
[BlackElo "2520"]
[EventDate "1992.??.??"]

1.c4 f5 2.d4 Cf6 3.Cf3 g6 4.g3 Fg7 5.Fg2 O-O 6.O-O d6 7.Cc3 De8 8.b3 Ca6 
9.Fa3 c6 10.Dd3 h6 11.Tae1 g5 12.Cd2 Dg6 13.e3 Fd7 14.f4 Rh8 15.b4 Cc7 16.
b5 cxb5 17.cxb5 Tab8 18.Tb1 gxf4 19.exf4 Df7 20.d5 a6 21.bxa6 bxa6 22.Cc4 
Cb5 23.Fb2 Tfc8 24.Ca4 Tc7 25.Cab6 Fe8 26.a4 Ce4 27.Tfe1 Cbc3 28.Fxc3 Cxc3
29.Tb3 Fxa4 30.Txc3 Txb6 31.Ce5 dxe5 32.Txc7 e4 33.Da3 Fb3 34.Txe7 Dxd5 
35.Te8+ Rh7 36.T8xe4 Fd4+ 37.Rh1 fxe4 38.Fxe4+ Rg7 39.De7+ Df7 40.Dd8 Fc5 
41.Dc8 Ff8 42.Tb1 Fd5 43.Txb6 Fxe4+ 44.Rg1 Dd5 45.Dc3+ Rh7 46.Dc7+ Rh8 47.
Tb8 Dd1+ 0-1

[Event "It"]
[Site "Elenite"]
[Date "1992.??.??"]
[Round "2"]
[White "Topalov, Veselin"]
[Black "Sax, Gyula"]
[Result "1/2-1/2"]
[WhiteElo "2520"]
[BlackElo "2565"]
[EventDate "1992.??.??"]

1.d4 Cf6 2.c4 e6 3.Cc3 Fb4 4.Fg5 h6 5.Fh4 c5 6.d5 Fxc3+ 7.bxc3 d6 8.e3 e5 
9.Fd3 e4 10.Fc2 Cbd7 11.Db1 De7 12.Ce2 g5 13.Fg3 Cf8 14.h4 Tg8 15.hxg5 
hxg5 16.Db5+ Rd8 17.Cc1 Cg4 18.Tb1 f5 19.Da5+ Dc7 20.Dxc7+ Rxc7 21.Rd2 Fd7
22.f3 Cxe3 23.Rxe3 f4+ 24.Rd2 exf3 25.gxf3 fxg3 26.Th6 Tg7 27.Ce2 Tf7 28.
Fe4 g2 29.Tg1 Te8 30.Txg2 g4 31.Tg3 Te5 32.Cc1 gxf3 33.Txf3 1/2-1/2

[Event "It"]
[Site "Elenite"]
[Date "1992.??.??"]
[Round "3"]
[White "Georgiev, Kiril"]
[Black "Topalov, Veselin"]
[Result "1-0"]
[WhiteElo "2610"]
[BlackElo "2520"]
[EventDate "1992.??.??"]

1.d4 Cf6 2.c4 c5 3.d5 b5 4.Cf3 g6 5.cxb5 a6 6.b6 Dxb6 7.Cc3 Fg7 8.e4 O-O 
9.Fe2 d6 10.Cd2 Cbd7 11.O-O Tb8 12.Cc4 Dc7 13.Ff4 Cb6 14.e5 Ce8 15.exd6 
exd6 16.Dd2 Cxc4 17.Fxc4 Cf6 18.Tfe1 Cg4 19.Tad1 Fd4 20.Fg3 f5 21.Te2 Tb4 
22.b3 Dg7 23.Fxd6 Fxc3 24.Df4 Td8 25.Te7 Df6 26.Fxc5 Tb7 27.Txb7 Fe5 28.
d6+ Rh8 29.Df3 Fxh2+ 30.Rf1 Fe5 31.Dd5 Fxb7 32.Dxb7 Dh4 33.d7 Ff6 34.a4 
Dh5 35.Td6 Ce5 36.Dd5 Cxc4 37.bxc4 Fg7 38.Te6 g5 39.Fb6 1-0

[Event "It"]
[Site "Elenite"]
[Date "1992.??.??"]
[Round "4"]
[White "Sokolov, Ivan"]
[Black "Topalov, Veselin"]
[Result "1-0"]
[WhiteElo "2625"]
[BlackElo "2520"]
[EventDate "1992.??.??"]

1.d4 d6 2.c4 e5 3.Cc3 exd4 4.Dxd4 Cc6 5.Dd1 g6 6.Cf3 Fg7 7.Fg5 Cge7 8.Cd5 
f5 9.e3 h6 10.Ff6 Fxf6 11.Cxf6+ Rf7 12.Cd5 Ce5 13.Cd4 c6 14.Cc3 a6 15.Fe2 
c5 16.Cf3 Fe6 17.b3 Da5 18.Dd2 Tad8 19.Td1 Cxf3+ 20.Fxf3 b5 21.cxb5 axb5 
22.O-O d5 23.b4 Dxb4 24.Tb1 Da5 25.Txb5 Da7 26.Ce2 Tb8 27.Ta5 Db6 28.Cf4 
Ta8 29.Txa8 Txa8 30.Td1 Db4 31.Dc2 Ta3 32.h4 Dc3 33.De2 De5 34.Dd2 c4 35.
Tb1 c3 36.Dc2 d4 37.Cxe6 Dxe6 38.exd4 Dc4 39.Fe2 Dxd4 40.h5 Rf6 41.Dc1 
Txa2 42.Dxh6 Dc5 43.Te1 Td2 44.Rh1 Db4 45.f4 Td8 46.Fc4 c2 47.Dg5+ 1-0

[Event "It"]
[Site "Elenite"]
[Date "1992.??.??"]
[Round "5"]
[White "Topalov, Veselin"]
[Black "Spasov, Vasil"]
[Result "1/2-1/2"]
[WhiteElo "2520"]
[BlackElo "2535"]
[EventDate "1992.??.??"]

1.d4 Cf6 2.c4 g6 3.Cc3 Fg7 4.e4 d6 5.Cge2 O-O 6.Cg3 c6 7.Fe2 a6 8.Fg5 b5 
9.cxb5 axb5 10.a3 Fb7 11.O-O Cbd7 12.Dd2 Db6 13.b4 Dd8 14.f4 h6 15.Fh4 Cb6
16.Rh1 Fc8 17.Fd3 e5 18.Dc2 exd4 19.Cce2 Cc4 20.Fxc4 bxc4 21.Cxd4 Db6 22.
Cge2 Cg4 23.Dd2 c3 24.Dxc3 c5 25.bxc5 dxc5 26.Db3 Dxb3 27.Cxb3 Fxa1 28.
Txa1 Fa6 29.Cc3 c4 30.Cd4 Rg7 31.h3 Cf6 32.e5 Ch5 33.Tf1 Rh7 34.Rh2 Fb7 
35.g4 Cxf4 36.Txf4 g5 37.Fxg5 hxg5 38.Tf5 Txa3 39.Ce6 fxe6 40.Txf8 Rg7 41.
Td8 Txc3 42.Td7+ Rf8 43.Txb7 Te3 44.Tc7 c3 45.Rg2 Re8 46.Tc6 Rd7 47.Tc5 
Td3 48.Tc4 Td2+ 49.Rg3 Td3+ 50.Rg2 1/2-1/2